00590 2200217 4500001002100000005001500021035002000036007000300056008004100059020001800100082001000118084001600128100002500144245007300169250001300242260003400255300003800289650001500327505001300342990001700355INLIS00000000000323320240716123012 a0010-0724000090ta240716 g 0 ind  a9786022710905 a610.7 a610.7 SUD u0 aSudigdo Sastroasmoro1 aUji Klinis : Landasan Teori Dan Panduan :b- /cSudigdo Sastroasmoro a1, cet-1 aJakarta :bSagung Seto,c2017 ahlm. 334 :bilust ;c21x 30 cme- 4aKedokteran ahlm. 334 a102024008197